000 00384nam a2200157Ia 4500
008 221030s9999 xx 000 0 und d
020 _a0333900138
041 _aEnglish
082 _a105.23
_bRao
100 _aC. N. R. Rao
245 0 _aUniversity General Chemistry
_cby C. N. R. Rao
260 _bMacmillan
_aNew Delhi
_c1998
300 _a677
650 _aChemistry
942 _cBK
999 _c2355
_d2355